[Event "It (cat.15)"]
[Site "Barcelona (Spain)"]
[Date "2007.10.19"]
[Round "2"]
[White "Krasenkow Michal (POL)"]
[Black "Nakamura Hikaru (USA)"]
[Result "0-1"]
[WhiteElo "2668"]
[BlackElo "2648"]

{ Krasenkow Michal (POL) +1 =0 -1 } 1.Nf3 Nf6 2.c4 e6 3.g3 d5 4.Bg2 Be7 5.O-O
O-O 6.b3 a5 7.Nc3 c6 ( 7...b6 8.Bb2 Bb7 9.cxd5 exd5 10.d4 Ne4 11.Nxe4 dxe4
12.Ne5 f6 13.Nc4 f5 14.f3 exf3 15.Bxf3 Bxf3 16.Rxf3 Bf6 17.Ne5 Nd7 18.Qc2 Bxe5
19.dxe5 Qe7 20.Rxf5 Rxf5 21.Qxf5 Nf8 22.Rd1 Re8 23.Qc2 h6 24.Qc6 Ne6 25.Qd7
Qc5+ 26.Kg2 Re7 27.Qd5 { ...0-1, Serafimov Tervel 2282 - Popchev Milko 2498 ,
Plovdiv 1999 Ch Bulgaria } ) 8.d4 Nbd7 ( 8...b6 9.Bb2 Ba6 10.Nd2 Ra7 11.Qc2
Rd7 12.e3 c5 13.Rfd1 cxd4 14.exd4 Nc6 15.Nb5 Nb4 16.Qb1 Bb7 17.a3 Na6 18.Qd3
Qa8 19.Qe2 Nc7 20.a4 Rc8 21.Rac1 Nxb5 22.axb5 Rdc7 23.Rc2 Ne8 24.Rdc1 h6 25.f4
dxc4 26.Bxb7 Qxb7 27.bxc4 Nd6 28.Qd3 { ...0-1, Lautier Joel 2620 - Kramnik
Vladimir 2710 , Cannes 1993 Match } ) 9.Qc2 b6 ( 9...Re8 10.Bb2 Qb6 11.Nd2 Qa6
12.e4 dxc4 13.Nxc4 b5 14.Ne3 Bb7 15.e5 Nd5 16.Ncxd5 cxd5 17.f4 Qb6 18.Qf2 a4
19.Rad1 axb3 20.axb3 Ra2 21.f5 f6 22.Ra1 Rxa1 23.Bxa1 Rf8 24.exf6 Nxf6 25.Qe2
b4 26.Re1 Ra8 27.Bb2 Ra2 28.fxe6 Qxe6 29.Nxd5 { ...0-1, Berkes Ferenc 2372 -
Sedlak Nikola 2423 , Balatonlelle 2000 Ch Europe (team) (juniors) (under 18) }
) ( 9...Nb6 10.c5 Nbd7 11.Bf4 Nh5 12.Na4 Nxf4 13.gxf4 Qc7 14.e3 b5 15.cxb6
Nxb6 16.Nxb6 Qxb6 17.Rfc1 Ba3 18.Qxc6 Qb8 19.Rc2 Ra7 20.Qa4 Qd6 21.Bf1 f6
22.Rd1 Qe7 23.Bb5 Kh8 24.Rd3 e5 25.dxe5 Bh3 26.Rc6 Bb4 27.a3 Qf7 28.axb4 Qh5
29.Ne1 { ...0-1, Simonenko Sergei 2365 - Annageldyev Orazly 2490 , Ashkhabad
1996 It (cat.9) } ) 10.e4 { = } ( 10.Rd1 Ba6 11.Nd2 b5 12.e4 bxc4 13.bxc4 dxc4
14.Na4 Rb8 15.Nxc4 Rb4 16.Nab2 a4 17.a3 Rb5 18.Qxa4 Qc8 19.Bf4 Rh5 20.Bd6 Bb5
21.Qc2 Qd8 22.Bf3 Rh3 23.Kg2 Rh6 24.Bf4 Rh5 25.e5 Rf5 26.exf6 Nxf6 27.Ne3 Rxf4
28.gxf4 Bd6 29.Bxc6 Ba6 { ...1-0, Fridman Daniel 2578 - Zaitsev Mikhail 2471 ,
Internet 15. 4.2004 It (blitz) ACP (Prelim4) } ) 10...Ba6 11.Nd2 ( 11.e5 Ne8
12.Rd1 dxc4 13.Ne4 cxb3 14.axb3 h6 15.g4 Nc7 16.g5 Nd5 17.gxh6 g6 18.Neg5 Qe8
19.h4 Bxg5 20.Nxg5 f6 21.Nxe6 Nb4 22.Qb1 fxe5 23.Nxf8 Nxf8 24.Ba3 { 1-0,
Nikcevic Nebojsa 2473 - Mazet Julien 2190 , Paris 2000 Ch Paris (open) } ) (
11.Rd1 dxc4 12.bxc4 Bxc4 13.h4 b5 14.e5 Nd5 15.Ne4 Nb4 16.Qd2 c5 17.Nd6 cxd4
18.Nxc4 bxc4 19.Qxd4 Nc5 20.Bg5 Qxd4 21.Nxd4 Rae8 22.Bxe7 Rxe7 23.Rdc1 Ncd3
24.Rxc4 Rd7 25.Nc6 Nxc6 26.Rxc6 Nxe5 27.Rc5 f6 28.Rxa5 Rfd8 29.Ra8 Rxa8
30.Bxa8 Ra7 { ...1/2-1/2, Sutter Oliver 2358 - Sokolov Andrei 2569 ,
Switzerland 2002 Ch Switzerland (team) 2002 } ) 11...c5 { N } ( 11...Rc8
12.Re1 c5 ( 12...dxe4 13.Ndxe4 Nxe4 14.Rxe4 Bf6 15.Bb2 Bb7 16.Rd1 Qc7 17.Rg4
h5 18.Re4 g6 19.Bc1 Qd8 20.Bh3 Kg7 21.Re2 Bg5 22.Bb2 Kh7 23.Ne4 Be7 24.a3 Rg8
25.Rd3 Qf8 26.Rf3 f5 27.Bg2 Re8 28.h4 Qh6 29.Nc3 Bf6 30.Rfe3 Nf8 31.Na4 {
...1-0, Sinanovic Muhamed 2407 - Janjic Jovo 2012 , Neum 2002 Ch Bosnia &
Herzegovina (team) (1 liga) } ) 13.dxc5 d4 14.Na4 Nxc5 15.Nxc5 Bxc5 16.Qd3 e5
17.Bh3 Rb8 18.Nf3 Re8 19.Bg5 b5 20.Nd2 Bb4 21.Red1 h6 22.Bxf6 Qxf6 23.Rac1 Bc3
24.Bd7 bxc4 25.bxc4 Red8 26.Bb5 { 1-0, Renet Olivier 2530 - Bronstein David I
2465 , Oviedo 1992 It (active) } ) ( 11...b5 12.e5 Ne8 13.Re1 bxc4 14.bxc4
dxc4 15.Bxc6 Rc8 16.Be4 f5 17.exf6 Ndxf6 18.Nf3 Nxe4 19.Qxe4 Kh8 20.Bf4 Bb4
21.Rac1 Nf6 22.Qxe6 Bb7 23.Ng5 Bxc3 24.Rxc3 Qd5 { 1/2-1/2, Sutter Oliver 2378
- Costa Jean-Luc 2394 , Switzerland 2003 Ch Switzerland (team) 2003 } )
12.exd5 cxd4 13.Nb5 exd5 14.Nxd4 Rc8 15.Re1 b5 16.Bb2 { -0.04 CAP } 16...Re8
17.Qd1 { ? } ( { ? } 17.Rad1 bxc4 18.bxc4 Bc5 19.Bc3 Rxe1+ 20.Rxe1 dxc4 21.Nf5
g6 22.Nh6+ Kg7 23.Ng4 { } ) 17...bxc4 18.bxc4 Qb6 19.Rb1 dxc4 20.Nc6 Rxc6
21.Bxf6 Qxf2+ 22.Kxf2 Bc5+ 23.Kf3 Rxf6+ 24.Kg4 Ne5+ 25.Kg5 Rg6+ 26.Kh5 f6
27.Rxe5 Rxe5+ 28.Kh4 Bc8 { } {#R} 0-1

[Event "Cup Russia"]
[Site "Serpukhov (Russia)"]
[Date "2007.11.08"]
[Round "2"]
[White "Tomashevsky Evgeny (RUS)"]
[Black "Azarov Sergei (BLR)"]
[Result "1-0"]
[WhiteElo "2646"]
[BlackElo "2586"]

{ Tomashevsky Evgeny (RUS) +4 =3 -0 Azarov Sergei (BLR) +1 =2 -0 } 1.c4 e6
2.Nf3 Nf6 3.g3 d5 4.Bg2 Be7 5.O-O O-O 6.b3 b6 7.Bb2 Bb7 8.e3 Nbd7 9.Qe2 { = }
9...a6 ( 9...c5 10.Rd1 ( 10.Nc3 { 1/2-1/2, Tomashevsky Evgeny 2654 - Sakaev
Konstantin 2634 , Krasnoyarsk 14. 9.2007 Ch Russia (Higher League) } )
10...dxc4 11.bxc4 Qc7 12.Nc3 Rac8 13.a4 Rfd8 14.a5 bxa5 15.Nb5 Qb8 16.d3 a6
17.Nc3 Qc7 18.Ra3 Nb8 19.Rda1 Nc6 20.Ne1 Rd7 21.Ne4 Nxe4 22.Bxe4 Rcd8 23.Bc3
Nb4 24.Bxb7 Qxb7 25.Rxa5 Nxd3 26.Rxa6 Nxe1 27.Bxe1 Bf6 28.Ra7 Qxa7 29.Rxa7 {
...0-1, Pilaj Herwig 2215 - Azarov Sergei 2445 , Mureck 1998 Ch Europe
(juniors) (under 18) } ) ( 9...a5 10.d4 a4 11.Nbd2 Ra7 12.Ne5 Bb4 13.Rfc1 a3
14.Bc3 Bxc3 15.Rxc3 Nxe5 16.dxe5 Nd7 17.f4 Nc5 18.Nf3 dxc4 19.bxc4 Bxf3
20.Bxf3 Qe7 21.Rd1 Na4 22.Rb3 g6 23.Rd4 Nb2 24.Qd2 c5 25.Re4 Rd8 26.Qc2 Qd7
27.Rxb6 Qd2 28.Qb3 Nd3 29.Qd1 { ...0-1, Szmetan Jorge 2401 - Nogueiras Jesus
2546 , Buenos Aires 2003 Ch Pan-American Continental } ) 10.d3 c5 { N } (
10...b5 11.Nbd2 bxc4 12.bxc4 Re8 13.cxd5 exd5 14.Rab1 Rb8 15.Rfc1 c5 16.Ne5
Bd6 17.Nxd7 Nxd7 18.Ba1 Qe7 19.d4 Nf8 20.dxc5 Bxc5 21.Nb3 Bb4 22.Nd4 g6 23.Nf5
gxf5 24.Qb2 d4 25.Qxd4 f6 26.Rxb4 Bxg2 27.Rxb8 Rxb8 28.Kxg2 Kf7 29.Rc6 Ne6
30.Qh4 { ...1-0, Bagirov Vladimir 2530 - Savon Vladimir A 2415 , St.
Petersburg 1995 Memorial S.Furman } ) 11.Nbd2 Qc7 ( 11...b5 12.e4 Nb6 13.e5
Nfd7 14.Ne1 Rb8 15.f4 dxc4 16.dxc4 bxc4 17.bxc4 Na4 18.Nb3 Bxg2 19.Nxg2 Nxb2
20.Qxb2 f6 21.Rad1 fxe5 22.Qd2 Nb6 23.Qe2 Qc7 24.Rfe1 Rbd8 25.Rxd8 Rxd8 26.Qg4
Qd7 27.fxe5 Rf8 28.Rd1 Qc8 29.Qe4 Qa8 30.Qxa8 Rxa8 31.Na5 { ...1-0, Miles
Anthony J 2545 - Byrne Robert E 2530 , Reykjavik 1980 It } ) 12.e4 { N }
12...dxe4 13.dxe4 e5 { +0.11 CAP } 14.Nh4 Rfe8 15.Nf5 Nf8 16.f4 exf4 17.gxf4
Ne6 { ?! } ( 17...Ng6 { !? } 18.e5 Rad8 19.Rf2 Bf8 20.Ne4 Nxe4 { } ) 18.e5 Nd7
19.Bd5 Bf8 20.Qg2 Bxd5 21.cxd5 Nd4 22.Bxd4 cxd4 23.Nh6+ Kh8 24.Nxf7+ Kg8
25.Ng5 d3 26.d6 Qc5+ 27.Kh1 Rac8 28.Rac1 Qd4 29.Rxc8 Nb8 { } {#r} 1-0

[Event "It (open) (under 2300)"]
[Site "Benidorm (Spain)"]
[Date "2007.11.30"]
[Round "1"]
[White "Hess Christian (GER)"]
[Black "Ferrer Roig Juan (ESP)"]
[Result "1-0"]
[WhiteElo "2283"]
[BlackElo "2130"]

1.Nf3 d5 2.c4 e6 3.g3 Nf6 4.Bg2 Be7 5.O-O O-O 6.b3 c5 7.e3 Nc6 8.Bb2 Qc7 9.Nc3
a6 10.cxd5 exd5 11.d4 c4 12.bxc4 dxc4 13.Qe2 b5 14.d5 Nb4 15.e4 Bb7 16.a4 Qb6
17.Nh4 Bc5 18.Rab1 Nd3 19.Ba1 b4 20.Nf5 Rfe8 21.a5 Qxa5 22.Na4 Bf8 23.Nh6+
gxh6 24.Bxf6 Ne5 25.Nb2 Rac8 26.Bh3 Rc7 27.Bf5 {#r} 1-0

[Event "Czech League 2007/08 (krajsky prebor)"]
[Site "Czech Republic"]
[Date "2008.01.06"]
[Round "5"]
[White "Svitek Jiri (CZE)"]
[Black "Bacak Martin (CZE)"]
[Result "0-1"]
[WhiteElo "2070"]
[BlackElo "2125"]

1.Nf3 d5 2.c4 e6 3.g3 Nf6 4.Bg2 Be7 5.O-O O-O 6.e3 Nbd7 7.Nc3 dxc4 8.Qe2 e5
9.Qxc4 c6 10.Rd1 Nb6 11.Qe2 e4 12.Ne5 Qc7 13.d4 exd3 14.Nxd3 Bg4 15.f3 Be6
16.e4 Rad8 17.Bf4 Qc8 18.b3 Bh3 19.Bxh3 Qxh3 20.Be3 Qh5 21.a3 Nfd7 22.Nf4 Qe5
23.Bd4 Bc5 24.Qe3 Bxd4 25.Qxd4 Qxd4+ 26.Rxd4 Ne5 27.Rxd8 Rxd8 28.Kf2 Rd2+
29.Ke3 Nbc4+ {#R} 0-1

[Event "It (open)"]
[Site "Nova Gorica (Slovenia)"]
[Date "2008.02.01"]
[Round "9"]
[White "Srebrnic Vojko (SLO)"]
[Black "Brumen Dinko (CRO)"]
[Result "0-1"]
[WhiteElo "2209"]
[BlackElo "2368"]

1.Nf3 Nf6 2.c4 e6 3.g3 d5 4.Bg2 Be7 5.O-O O-O 6.b3 c5 7.a3 Nc6 8.Bb2 b6 9.Nc3
Bb7 10.cxd5 Nxd5 11.Nxd5 exd5 12.d4 Bf6 13.Qc2 c4 14.bxc4 Ba6 15.Rfb1 Bxc4
16.Qd2 Re8 17.a4 Na5 18.Qd1 Bb3 19.Qe1 Bc2 20.Rc1 Be4 21.Nd2 Bxg2 22.Kxg2 Qd7
{#R} 0-1

[Event "It (cat.7)"]
[Site "Nis (Serbia)"]
[Date "2008.04.17"]
[Round "8"]
[White "Jovic Stanoje (SRB)"]
[Black "Bogosavljevic Boban (SRB)"]
[Result "0-1"]
[WhiteElo "2296"]
[BlackElo "2541"]

1.c4 e6 2.g3 d5 3.Bg2 Nf6 4.Nf3 Be7 5.O-O O-O 6.b3 d4 7.e3 c5 8.exd4 cxd4 9.d3
Nc6 10.a3 a5 11.Re1 Bd6 12.Nbd2 h6 13.Bb2 e5 14.c5 Bc7 15.Nc4 Re8 16.Nfd2 Bf5
17.Ne4 Nxe4 18.Bxe4 Bxe4 19.Rxe4 Qd5 20.Rc1 f5 21.Re1 Rf8 22.Rc2 Rae8 23.Bc1
e4 24.Rce2 Qxc5 25.dxe4 d3 26.Qxd3 b5 27.Nxa5 fxe4 {#R} 0-1

[Event "Ch Europe"]
[Site "Plovdiv (Bulgaria)"]
[Date "2008.04.22"]
[Round "2"]
[White "Asrian Karen (ARM)"]
[Black "Magalashvili Davit (GEO)"]
[Result "1-0"]
[WhiteElo "2630"]
[BlackElo "2490"]

1.c4 e6 2.g3 d5 3.Bg2 Nf6 4.Nf3 Be7 5.O-O O-O 6.b3 c5 7.e3 Nc6 8.Bb2 d4 9.exd4
cxd4 10.Re1 Ne8 11.d3 f6 12.Na3 e5 13.Nc2 Nc7 14.a3 a5 15.Rb1 Bd7 16.Qe2 Re8
17.Bc1 Qc8 18.b4 axb4 19.Nxb4 Bh3 20.Bxh3 Qxh3 21.Qb2 Bxb4 22.axb4 Qf5 23.Nd2
Qxd3 24.b5 Na5 25.Qb4 Qc3 26.Ba3 {#r} 1-0

[Event "Ch Europe"]
[Site "Plovdiv (Bulgaria)"]
[Date "2008.04.25"]
[Round "5"]
[White "Moor Roger (SUI)"]
[Black "Kounalakis Evryklis (GRE)"]
[Result "1-0"]
[WhiteElo "2357"]
[BlackElo "2087"]

1.Nf3 Nf6 2.c4 e6 3.g3 d5 4.Bg2 Be7 5.O-O O-O 6.Qc2 c5 7.cxd5 Nxd5 8.Nc3 Nc6
9.Rd1 Nd4 10.Nxd4 Nb4 11.Nxe6 Nxc2 12.Nxd8 Nxa1 13.Nxb7 Rb8 14.Na5 Nc2 15.b3
Be6 16.d3 f5 17.Nc6 Rb7 18.Nd8 Rxb3 19.Nxe6 Rxc3 20.Nxf8 Nd4 21.Bd2 Kxf8 22.e3
Rxd3 23.exd4 c4 24.Bf1 Rxd4 25.Be2 {#r} 1-0

[Event "Ukrainian Games (schools)"]
[Site "Evpatoria (Russia)"]
[Date "2008.05.19"]
[Round "4"]
[White "Starozhilov Leonid (UKR)"]
[Black "Kuchkin Maksjm (UKR)"]
[Result "1-0"]
[WhiteElo "2077"]
[BlackElo "2181"]

1.Nf3 d5 2.g3 Nf6 3.Bg2 e6 4.O-O Be7 5.c4 O-O 6.b3 b6 7.Bb2 Bb7 8.d3 c5 9.Nbd2
d4 10.b4 Qc7 11.Nb3 Nbd7 12.bxc5 bxc5 13.Qd2 Rab8 14.Ba3 Rfe8 15.e4 dxe3
16.fxe3 Ng4 17.Bb2 Red8 18.Qe2 f6 19.Ng5 fxg5 20.Qxg4 Qb6 21.Bxb7 Rxb7 22.Bc3
Qd6 23.Qf3 Bf6 24.Bxf6 Rbb8 25.Bb2 Nf8 26.d4 cxd4 27.exd4 a5 28.c5 Qe7 29.Bc3
a4 30.Na5 {#r} 1-0

[Event "Ch Slovenia (qual)"]
[Site "Sentjur (Slovenia)"]
[Date "2008.07.04"]
[Round "3"]
[White "Barle Janez (SLO)"]
[Black "Sitnik Igor (SLO)"]
[Result "1-0"]
[WhiteElo "2415"]
[BlackElo "2253"]

1.Nf3 d5 2.g3 Nf6 3.Bg2 e6 4.O-O Be7 5.c4 O-O 6.b3 b6 7.Bb2 Bb7 8.d4 c5 9.e3
Nbd7 10.Nbd2 Rc8 11.Rc1 dxc4 12.bxc4 Qc7 13.Qe2 Rfd8 14.Rfd1 Nf8 15.Bh3 Ba6
16.Ne5 Ng6 17.f4 Nxe5 18.fxe5 Nd7 19.Qh5 cxd4 20.exd4 Nf8 21.Rf1 Ng6 22.Rf2
Bb4 23.Ne4 Rd7 24.a3 Be7 25.d5 exd5 26.e6 dxe4 27.exd7 Rf8 28.Re2 f5 29.Rd2
Ne5 30.Bxf5 {#r} 1-0

[Event "It (open) "]
[Site "Berlin (Germany)"]
[Date "2008.08.17"]
[Round "2"]
[White "Von Loehnysen Leonard (GER)"]
[Black "Kiesekamp Marcos (GER)"]
[Result "0-1"]
[WhiteElo "2025"]
[BlackElo "2338"]

1.c4 Nf6 2.g3 e6 3.Bg2 d5 4.Nf3 Be7 5.O-O O-O 6.Qc2 b6 7.b3 c5 8.Ne5 Bb7 9.Bb2
Nc6 10.Nxc6 Bxc6 11.d3 b5 12.Nd2 Rc8 13.e4 Qa5 14.e5 Nd7 15.f4 dxc4 16.dxc4
Bxg2 17.Kxg2 Nb6 18.Ne4 bxc4 19.bxc4 Rfd8 20.f5 exf5 21.Rxf5 Qa4 22.Qxa4 Nxa4
23.Rb1 Rb8 24.Rf2 Rb4 25.Nd6 Rdb8 {#R} 0-1

[Event "Cup Pichay (open)"]
[Site "Manila (Philippines)"]
[Date "2008.09.15"]
[Round "3"]
[White "Wohl Aleksandar H (AUS)"]
[Black "Sukandar I"]
[Result "1-0"]
[WhiteElo "2362"]
[BlackElo "2262"]

1.Nf3 Nf6 2.c4 e6 3.g3 d5 4.Bg2 Be7 5.O-O O-O 6.b3 c5 7.Bb2 Nc6 8.e3 b6 9.Qe2
Bb7 10.d3 Qc7 11.Nbd2 Rfd8 12.cxd5 Nxd5 13.d4 cxd4 14.exd4 Rac8 15.a3 Nf6
16.Rac1 Qb8 17.b4 Qa8 18.Rfe1 h6 19.Bh3 Bf8 20.d5 Nxd5 21.b5 Nce7 22.Bxe6 fxe6
23.Qxe6+ Kh7 24.Ne4 Ng6 25.Neg5+ hxg5 26.Nxg5+ Kh6 27.Nf7+ Kh7 28.Qh3+ Kg8
29.Ng5 Nf6 30.Bxf6 {#r} 1-0

[Event "It "]
[Site "Buenos Aires (Argentina)"]
[Date "2008.09.28"]
[Round "1"]
[White "Goldwaser Christian (ARG)"]
[Black "Pedro Fernando (ARG)"]
[Result "1-0"]
[WhiteElo "2396"]
[BlackElo "2187"]

1.Nf3 Nf6 2.c4 e6 3.g3 d5 4.Bg2 Be7 5.O-O O-O 6.b3 c5 7.Bb2 Nc6 8.e3 dxc4
9.bxc4 Qd3 10.Qb3 Qxb3 11.axb3 Rd8 12.Rd1 Bd7 13.Ne5 Nxe5 14.Bxe5 Bc8 15.Na3
Ng4 16.Bc3 f6 17.d4 Kf7 18.d5 exd5 19.cxd5 Rb8 20.Nc4 a6 21.Ba5 b6 22.Bxb6 Rd7
23.d6 Bd8 24.Bxc5 Rxb3 25.Bd5+ Ke8 26.Rab1 Rc3 27.Rb8 {#r} 1-0

[Event "It (open) "]
[Site "Tatranske Zruby (Slovakia)"]
[Date "2008.10.02"]
[Round "7"]
[White "Csiba Peter (SVK)"]
[Black "Burdik Lubomir (CZE)"]
[Result "0-1"]
[WhiteElo "2041"]
[BlackElo "2262"]

1.Nf3 Nf6 2.c4 e6 3.g3 d5 4.Bg2 Be7 5.O-O O-O 6.b3 c6 7.d3 b6 8.Bb2 Bb7 9.Nbd2
c5 10.Ne5 Nfd7 11.d4 cxd4 12.Nxd7 Qxd7 13.cxd5 Bxd5 14.Nf3 Nc6 15.Nxd4 Bxg2
16.Kxg2 Bf6 17.e3 Rfd8 18.Qf3 Nxd4 19.Bxd4 e5 20.Bb2 Qd2 21.Bc1 Qc3 22.Ba3 Qa5
23.Bb2 e4 24.Qe2 Rd2 {#R} 0-1

[Event "World Mindsports Games (Blitz Team)"]
[Site "Beijing (China)"]
[Date "2008.10.13"]
[Round "1"]
[White "Steingrimsson Hedinn (ISL)"]
[Black "Cooper Lawrence (ENG)"]
[Result "0-1"]
[WhiteElo "2540"]
[BlackElo "2313"]

1.Nf3 Nf6 2.c4 e6 3.g3 d5 4.Bg2 Be7 5.O-O O-O 6.b3 c5 7.Bb2 Nc6 8.e3 b6 9.cxd5
Nxd5 10.Nc3 Ba6 11.Nxd5 exd5 12.Re1 Bd3 13.Rc1 Rc8 14.Rc3 c4 15.Qa1 Bf6
16.Rcc1 Nb4 17.Bxf6 Qxf6 18.Qxf6 gxf6 19.bxc4 dxc4 20.Rc3 Nxa2 21.Ra3 Nb4
22.Rxa7 Nc2 23.Rc1 Rb8 24.Bf1 Be4 25.Bxc4 Bxf3 26.Rxc2 b5 27.Bf1 b4 28.Rb2
Rfc8 29.Ra1 b3 {#R} 0-1

[Event "Ch Slovenia (team) (2 league) West"]
[Site "Kranj (Slovenia)"]
[Date "2008.10.18"]
[Round "6"]
[White "Vrcon Damijan (SLO)"]
[Black "Raspor Gregor (SLO)"]
[Result "0-1"]
[WhiteElo "2215"]
[BlackElo "2110"]

1.c4 Nf6 2.g3 e6 3.Bg2 d5 4.Nf3 Be7 5.O-O O-O 6.b3 b6 7.Bb2 Bb7 8.Ne5 Nbd7
9.d4 c6 10.Nd2 Rc8 11.e4 c5 12.exd5 exd5 13.Re1 cxd4 14.Bxd4 Bc5 15.Nxd7 Bxd4
16.Nxf8 Bxa1 17.Ne6 fxe6 18.Qxa1 Qd6 19.Qd4 Re8 20.Nf3 {#R} 0-1

[Event "Tournament (Elo)"]
[Site "Lipetsk (Russia)"]
[Date "2008.10.25"]
[Round "8"]
[White "Grishchenko Sergey (RUS)"]
[Black "Airapetian Tatevik (RUS)"]
[Result "1-0"]
[WhiteElo "2405"]
[BlackElo "2175"]

1.Nf3 Nf6 2.c4 e6 3.g3 d5 4.Bg2 Be7 5.O-O O-O 6.b3 d4 7.Bb2 c5 8.b4 d3 9.bxc5
Nc6 10.exd3 Qxd3 11.Qb3 Rd8 12.Ba3 Qd7 13.Nc3 Rb8 14.d4 b6 15.Ne5 Nxd4 16.Nxd7
Nxb3 17.Nxb8 Nxa1 18.Rxa1 {#r} 1-0

[Event "It (open)"]
[Site "Weymouth (England)"]
[Date "2008.10.26"]
[Round "5"]
[White "Gregory Keith D (ENG)"]
[Black "Clark Ian C (ENG)"]
[Result "1-0"]
[WhiteElo "2067"]
[BlackElo "2106"]

1.Nf3 d5 2.g3 Nf6 3.Bg2 e6 4.O-O Be7 5.c4 O-O 6.b3 Nbd7 7.Bb2 dxc4 8.bxc4 Nb6
9.d3 Bd7 10.Ne5 Na4 11.Ba3 Rb8 12.Nxd7 Bxa3 13.Nxf6+ Qxf6 14.Nxa3 Nc3 15.Qc2
Qe5 16.Bf3 Qa5 17.Nb1 Na4 18.Rc1 {#r} 1-0

[Event "It (open)"]
[Site "Zuerich (Switzerland)"]
[Date "2008.12.27"]
[Round "2"]
[White "Hera Imre Jr (HUN)"]
[Black "Gantner Matthias (SUI)"]
[Result "1-0"]
[WhiteElo "2530"]
[BlackElo "2233"]

1.Nf3 d5 2.c4 e6 3.g3 Nf6 4.Bg2 Be7 5.O-O O-O 6.b3 b6 7.Bb2 Bb7 8.e3 c5 9.Nc3
Nc6 10.cxd5 exd5 11.d4 Qd6 12.dxc5 bxc5 13.Nh4 Rfd8 14.Nf5 Qd7 15.Nxe7+ Qxe7
16.Re1 Qe6 17.Na4 {#r} 1-0

[Event "It (open)"]
[Site "Gurgaon (India)"]
[Date "2009.01.25"]
[Round "6"]
[White "Prathamesh Sunil Mokal (IND)"]
[Black "Vaibhav Suri (IND)"]
[Result "1-0"]
[WhiteElo "2406"]
[BlackElo "2254"]

1.c4 e6 2.g3 d5 3.Bg2 Nf6 4.Nf3 Be7 5.O-O O-O 6.b3 c5 7.e3 b6 8.Bb2 Bb7 9.Nc3
Nc6 10.cxd5 exd5 11.d4 Qd7 12.Ne5 Qe6 13.Nb5 Rfc8 14.f4 Bf8 15.Kh1 Ne7 16.Qf3
Ne4 17.f5 Qh6 18.Rad1 Nxf5 19.Ng4 Qh5 20.Kg1 Nfd6 21.Nxd6 Bxd6 22.dxc5 Bxc5
23.b4 Bxb4 24.Rd4 f5 25.Rxe4 fxg4 26.Rxg4 {#r} 1-0

[Event "It (open)"]
[Site "Sevilla (Spain)"]
[Date "2009.01.28"]
[Round "6"]
[White "Hoffman Alejandro (ARG)"]
[Black "Pereira Figueroa Manuel (ESP)"]
[Result "1-0"]
[WhiteElo "2425"]
[BlackElo "2143"]

1.Nf3 d5 2.c4 e6 3.g3 Nf6 4.Bg2 Be7 5.O-O c5 6.b3 Nc6 7.e3 O-O 8.Bb2 b6 9.Qe2
Bb7 10.Rd1 Qc7 11.Nc3 Rac8 12.cxd5 exd5 13.d4 cxd4 14.Nxd4 Rfd8 15.Ndb5 Qb8
16.Nxd5 Nxd5 17.Bxd5 a6 18.Nc3 Ne5 19.e4 b5 20.Bxb7 Qxb7 21.Nd5 Bd6 22.Rd2 Nc6
23.Rad1 Bf8 24.Nf6+ Kh8 25.Qh5 h6 26.Qf5 {#r} 1-0

[Event "Czech League 2008/09 (krajsky prebor)"]
[Site "Czech Republic"]
[Date "2009.02.01"]
[Round "0"]
[White "Lamser Miroslav (CZE)"]
[Black "Svihel Karel (CZE)"]
[Result "0-1"]
[WhiteElo "2078"]
[BlackElo "2060"]

1.Nf3 Nf6 2.c4 e6 3.g3 d5 4.Bg2 Be7 5.O-O O-O 6.b3 dxc4 7.bxc4 c5 8.Bb2 Nc6
9.Nc3 Na5 10.d3 b6 11.Nd2 Bb7 12.Nce4 Nxe4 13.Nxe4 f5 14.Nd2 Bxg2 15.Kxg2 Bf6
16.Qc2 Nc6 17.Nf3 g5 18.Bxf6 Qxf6 19.Qd2 h6 20.h4 g4 21.Ne1 Qxa1 {#R} 0-1

[Event "Oberliga East B 2008/09"]
[Site "Germany"]
[Date "2009.02.01"]
[Round "7"]
[White "Boehmer Christian (GER)"]
[Black "Wehner Jannis (GER)"]
[Result "1-0"]
[WhiteElo "2184"]
[BlackElo "2184"]

1.c4 Nf6 2.g3 e6 3.Bg2 d5 4.Nf3 Be7 5.O-O O-O 6.b3 c6 7.Bb2 Nbd7 8.d3 b5
9.Nbd2 Ba6 10.Qc2 Rc8 11.Rac1 Bd6 12.e4 e5 13.d4 exd4 14.Nxd4 bxc4 15.bxc4 Re8
16.Rfd1 Bf8 17.cxd5 cxd5 18.Nc6 Qb6 19.Bd4 Qxd4 20.Nxd4 Rxc2 21.Nxc2 dxe4
22.Nxe4 Nxe4 23.Bxe4 Nc5 24.Bf3 Nd3 25.Rb1 Bc5 26.Rd2 Ne5 27.Kg2 Bd3 28.Re1
{#r} 1-0

[Event "It (open)"]
[Site "San Sebastian (Spain)"]
[Date "2009.04.05"]
[Round "2"]
[White "Thomassen Thomas (NOR)"]
[Black "Suarez Pousa Diego (ESP)"]
[Result "0-1"]
[WhiteElo "2020"]
[BlackElo "2412"]

1.c4 Nf6 2.g3 e6 3.Bg2 d5 4.Nf3 Be7 5.O-O O-O 6.b3 a5 7.Nc3 b6 8.Bb2 Bb7 9.Ne5
Nbd7 10.Nxd7 Qxd7 11.e3 Rfe8 12.Rc1 Rad8 13.d4 Qc8 14.cxd5 Nxd5 15.Nxd5 exd5
16.Rc2 Bd6 17.Qc1 Qf5 18.Ba3 Bxa3 {#R} 0-1

[Event "Ch Azerbaijan (juniors) (under 20)"]
[Site "Baku (Azerbaijan)"]
[Date "2009.04.20"]
[Round "7"]
[White "Bajarani Ulvi (AZE)"]
[Black "Agayev Nidjat (AZE)"]
[Result "0-1"]
[WhiteElo "2358"]
[BlackElo "2288"]

1.Nf3 d5 2.c4 e6 3.g3 Nf6 4.Bg2 Be7 5.O-O O-O 6.b3 b6 7.Bb2 Bb7 8.cxd5 Nxd5
9.Nc3 c5 10.d4 Nd7 11.Rc1 Rc8 12.Nxd5 Bxd5 13.dxc5 Nxc5 14.Ne5 Bxg2 15.Kxg2
Bf6 16.Qxd8 Rfxd8 17.Rfd1 h5 18.f3 Rxd1 19.Rxd1 Nxb3 20.axb3 Rc2 21.Nc4 Bxb2
22.Rd8+ Kh7 23.Kf2 Bf6 24.Rd7 b5 25.Nd6 Rd2 26.Ke3 Rd1 27.Kf4 Rd5 {#R} 0-1

[Event "Ch Croatia (team) (2nd league)"]
[Site "Osijek (Croatia)"]
[Date "2009.05.02"]
[Round "5"]
[White "Jovic Cedomir (CRO)"]
[Black "Aleksic Robert (CRO)"]
[Result "0-1"]
[WhiteElo "2072"]
[BlackElo "2220"]

1.c4 e6 2.g3 Nf6 3.Bg2 d5 4.Nf3 Be7 5.O-O O-O 6.d3 b6 7.Nbd2 Bb7 8.Re1 Re8
9.e4 dxe4 10.dxe4 Nxe4 11.Qc2 Nc5 12.Ng5 Bxg5 13.Bxb7 Nxb7 14.Ne4 Bxc1
15.Raxc1 Nd7 16.Rcd1 Qe7 17.h4 h6 18.Re2 a5 19.Kg2 Rad8 20.Red2 Ndc5 21.Nxc5
Nxc5 {#R} 0-1

[Event "Ch Berlin (A-Klasse)"]
[Site "Berlin (Germany)"]
[Date "2009.05.21"]
[Round "2"]
[White "Issel Oliver (GER)"]
[Black "Arndt Uwe (GER)"]
[Result "1-0"]
[WhiteElo "2126"]
[BlackElo "2013"]

1.g3 d5 2.Bg2 Nf6 3.Nf3 e6 4.O-O Be7 5.c4 dxc4 6.Qa4+ c6 7.Qxc4 b5 8.Qc2 Bb7
9.d4 Nbd7 10.Nbd2 c5 11.a4 b4 12.dxc5 Nxc5 13.Rd1 Qa5 14.Nc4 Qa6 15.Nd4 Rc8
16.Nb5 Bd5 17.Bxd5 b3 18.Ncd6+ Kf8 19.Bxb3 Nxb3 20.Nxc8 Nxa1 21.Qc7 Bb4
22.Rd8+ Ne8 23.Qd7 {#r} 1-0

[Event "It (open)"]
[Site "Subic Bay (Philippines)"]
[Date "2009.05.28"]
[Round "6"]
[White "Kunte Abhijit (IND)"]
[Black "Tania Sachdev (IND)"]
[Result "1-0"]
[WhiteElo "2515"]
[BlackElo "2410"]

1.Nf3 Nf6 2.g3 e6 3.Bg2 d5 4.O-O Be7 5.c4 dxc4 6.Qa4+ Nbd7 7.Qxc4 c5 8.d4 a6
9.dxc5 Bxc5 10.Qb3 O-O 11.Nc3 Qe7 12.e4 e5 13.Bg5 Nb6 14.Rac1 Be6 15.Nd5 Bxd5
16.exd5 Nc8 17.Bxf6 gxf6 18.Nh4 Rd8 19.Qf3 Bb6 20.Nf5 Qf8 21.Qg4+ Kh8 {#r} 1-0

[Event "Ch City (open)"]
[Site "Hamburg (Germany)"]
[Date "2009.06.02"]
[Round "4"]
[White "Carlstedt Jonathan (GER)"]
[Black "Jacoby Gisbert (GER)"]
[Result "1-0"]
[WhiteElo "2309"]
[BlackElo "2220"]

1.c4 e6 2.g3 d5 3.Bg2 Nf6 4.Nf3 Be7 5.O-O O-O 6.Qc2 d4 7.d3 c5 8.e3 Nc6 9.exd4
cxd4 10.a3 a5 11.Bg5 Nd7 12.Bxe7 Qxe7 13.Nbd2 Nc5 14.Rfe1 f6 15.Ne4 Na6 16.c5
Rd8 17.Qc4 Rb8 18.Bh3 b5 19.cxb6 Rxb6 20.b4 axb4 21.axb4 Qxb4 22.Bxe6+ Kf8
23.Bxc8 Rxc8 24.Qd5 Rd8 25.Qh5 Kg8 26.Neg5 fxg5 27.Nxg5 Ne7 28.Rxe7 {#r} 1-0